Ideas combo edition 49-52. (Record no. 15344)

000 -LEADER
fixed length control field 00614nam a2200193 a 4500
001 - CONTROL NUMBER
control field :::00014003$&:&@@
003 - CONTROL NUMBER IDENTIFIER
control field OkBaRHE
005 - DATE AND TIME OF LATEST TRANSACTION
control field 20100331122706.0
008 - FIXED-LENGTH DATA ELEMENTS--GENERAL INFORMATION
fixed length control field s1992 j 000 0 eng u
040 ## - CATALOGING SOURCE
Transcribing agency
100 1# - MAIN ENTRY--PERSONAL NAME
Personal name Rice, Wayne and McLaughlin, Tim,
245 10 - TITLE STATEMENT
Title Ideas combo edition 49-52.
260 ## - PUBLICATION, DISTRIBUTION, ETC. (IMPRINT)
Place of publication, distribution, etc El Cajon, CA.,
Name of publisher, distributor, etc Youth Specialties, Inc.
Date of publication, distribution, etc 1992
300 ## - PHYSICAL DESCRIPTION
Extent 192 p. ;
Dimensions 28 cm.
650 ## - SUBJECT ADDED ENTRY--TOPICAL TERM
Topical term or geographic name as entry element Youth Ministry
700 ## - ADDED ENTRY--PERSONAL NAME
Personal name McLaughlin, Tim, Joint editor.
942 ## - ADDED ENTRY ELEMENTS (KOHA)
Source of classification or shelving scheme
Koha item type Books
Copies
Lost status Shelving location Date acquired Permanent Location Barcode Source of classification or shelving scheme Withdrawn status Full call number Date last seen Damaged status Price effective from Koha item type Copy number Not for loan
 General Stacks2010-04-14RHEMA Bible Training College14003  BV 4447 .R53 V.49-522010-04-14 2010-04-14Books1